| 000 | 00486nam a2200193Ia 4500 | ||
|---|---|---|---|
| 003 | GCL | ||
| 008 | 140319s9999 xx 000 0 eng d | ||
| 040 |
_aGCL / _cGCL |
||
| 082 | 0 | 4 |
_aCH _b595.7 _bN I |
| 100 | 1 | _aNAYER, JUDY | |
| 245 | 1 | 0 |
_aINSECTS AT YOUR FINGERTIPS / _cNAYER, JUDY |
| 260 |
_a[S.N] : _bMC CLANAHAN BOOK COMPANY ، _c1993 |
||
| 650 | 0 | 4 | _aSCIENCE |
| 650 | 0 | 4 | _aINSECTS |
| 650 | 0 | 4 | _aBEES |
| 650 | 0 | 4 | _aANIMAL SOCIETIES INSECTS |
| 650 | 0 | 4 | _aANTS |
| 942 |
_2ddc _cBK |
||
| 999 |
_c14793 _d14793 |
||